LIBRARY & INFORMATION CENTRE, KCAET, TAVANUR

ONLINE PUBLIC ACCESS CATALOGUE (OPAC)

Sahityamanjari, Vol 2 / (Record no. 575)

MARC details
000 -LEADER
fixed length control field 00506cam a2200193ua 4500
041 ## - LANGUAGE CODE
Language code of text/sound track or separate title mal
082 ## - DEWEY DECIMAL CLASSIFICATION NUMBER
Classification number 894.812 2
Item number NAR/SA
100 ## - MAIN ENTRY--AUTHOR NAME
Personal name Narayana Menon, Vallathol .
245 ## - TITLE STATEMENT
Title Sahityamanjari, Vol 2 /
260 ## - PUBLICATION, DISTRIBUTION, ETC. (IMPRINT)
Place of publication Cheruthuruthi :
Name of publisher Vallathol Granthalayam ,
Year of publication 1965.
300 ## - PHYSICAL DESCRIPTION
Number of Pages 105 ; .
650 ## - SUBJECT ADDED ENTRY--TOPICAL TERM
Topical Term Drama - Malayalam
942 ## - ADDED ENTRY ELEMENTS (KOHA)
Koha item type Books
Holdings
Withdrawn status Lost status Damaged status Home library Current library Date acquired Full call number Accession Number Koha item type Public note
Withdrawn     KAUAET Malayalam University 07/04/2012 894.812 2 9020 Books Transferred to Malayalam University
free website counter